00289pam a2200121 a 4500020002400000041000500024082001300029100002000042245005800062250001100120260002800131300000800159 a978-0-143-41983-9c h a658.4092 aIyer P.eAuthor aThe Secret of LeadershipcIyer P.hTextual Documents  a1st ED bPenguin Book Ltd.c2013 a255